000 00455nam a2200181Ia 4500
001 13720
005 20260306164821.0
008 260306t2017||||xx |||||||||||||| ||spa||
041 _aESP
082 _a005.133C2
_bD46H
100 _aDeitel, Paul
_eAUT
245 0 _aC++ How to program:
_bIntroducing the new C++14 standard
260 _c2017
300 _axl, 1034 páginas :
_c23 cm.
650 _aGEN
654 _aCCC
942 _cLIB
_dJUS
_fJUS
_2ddc
_n
999 _c13720
_d13720